000
00269nam a22001097a 4500
008
160520b xxu||||| |||| 00| 0 eng d
020
_a
0816039615
041
_a
eng
080
_a
316.77
245
_a
Novels into film;
_c
john C. Tibbetts; James M. Welsh;
942
_2
udc
_c
BK
999
_c
2294
_d
2294